LEADER 01528nam a2200301 u 4500 001 000000013778 003 CaOOAMICUS 005 20070226105704.0 008 940517s1991 vc c u000 u fre u 035 $a10327704 040 $aBAV$bita$dPUL(R) 100 1 $aAubert, Roger,$d1914-$0(OLS)http://pul/name/3028 245 10$aDe "Rerum Novarum" à "Centesimus Annus" /$ctextes intégraux des deux Encycliques avec deux études de Roger Aubert et Michel Schooyans. 260 $aCité du Vatican :$b[Typographie Vaticane],$c1991. 300 $a189 p. :$britr. ;$c21 cm 500 $aIn testa al tit.: Conseil pontifical "Justice et Paix". 610 24$aPapi (1978-2005 : Iohannes Paulus PP. II).$tCentesimus annus.$0(OLS)http://pul/subject/19578 610 24$aPapi (1878-1903 : Leo PP. XIII).$tRerum novarum.$0(OLS)http://pul/subject/7220 700 1 $aSchooyans, Michel,$d1930-$0(OLS)http://pul/name/7339 850 $aPUL 852 $aPUL$W1$xDP1 Cons. Gen., Altre Classi 1$y22$m43 H 72$j19363$nBK-PRI$b $qStampati$B19363$CPULBib$Z2$F19363 $H $81 852 $aPUL$W1$xCollocazioni Temporanee$y24$mGP2 A IV.43$j19364$nBK-PRI$b $qStampati$B19364$CPULBib$Z2$F19364 $H $81 941 1 $a8 960 $aRerum novarum$97220 961 $aINV: 83262 961 $aINV: 0199 996 $6245$aDe "Rerum Novarum" à "Centesimus Annus"$9(OLS)http://pul/title/19835 996 $6260$aCité du Vatican :$b[Typographie Vaticane]$9(OLS)http://pul/publisher/54147 LEADER 01407nam a2200289 u 4500 001 000000110843 003 CaOOAMICUS 005 20080331105218.0 008 080331s2007 it u000 u ita u 020 $z978-88-08-06971-9* 040 $aPUL$bita$dLDB 245 03$aLa responsabilità sanitaria /$copera diretta da Flavio Peccenini ; con la collaborazione di Antonio Cardace ...[et al.]. 260 $aBologna :$bZanichelli,$c2007. 300 $ax, 397 p. ;$c25 cm.+$eCD-ROM. 490 1 $aDottrina casi sistemi ;$v09 504 $aInclude indici e bibliografia. 650 4$aSanità$xLegislazione.$0(OLS)http://pul/subject/34241 700 1 $aPeccenini, Flavio.$0(OLS)http://pul/name/67985 700 1 $aCardace, Antonio.$0(OLS)http://pul/name/67986 830 0$aDottrina casi sistemi ;$v09.$0(OLS)http://pul/title/139266 850 $aPUL 852 $aPUL$W1$xSL Diritto e Scienze Sociali 3$y79$m348. 45 COLL 1.9$j127018$qDDC 21$B125726$CPULBib$Z2$F125726 $H106813 $82 852 $aPUL$W1$xSL Diritto e Scienze Sociali 3$y79$m348. 45 COLL 1.9CD$j127019$qDDC 21$B125727$CPULBib$Z2$F125727 $H106815 $82 941 1 $a9 996 $6020$z978-88-08-06971-9*$9(OLS)http://pul/number/137616 996 $6245$aLa responsabilità sanitaria$9(OLS)http://pul/title/139386 996 $6260$aBologna :$bZanichelli$9(OLS)http://pul/publisher/48255